000 00490nam a22001577a 4500
005 20251108164147.0
008 250721s1977 xx 000 0 ara d
082 1 4 _a219/عبد
100 1 _aيوسف، عبد التواب
245 1 0 _aمحمد رسول الله صلى الله عليه و سلم يتحدث عن حياته /
264 1 _aالقاهرة :
_bدار الشعب،
_c1977.
300 _a61ص.
650 1 7 _aالسيرة النبوية
942 _2ddc
_cBK
999 _c5160
_d5160